Structral design in metals (Record no. 11702)

000 -LEADER
fixed length control field 00502nam a22001937a 4500
001 - CONTROL NUMBER
control field 11702
003 - CONTROL NUMBER IDENTIFIER
control field BD-DhUET
008 - FIXED-LENGTH DATA ELEMENTS--GENERAL INFORMATION
fixed length control field 150218b xxu||||| |||| 00| 0 eng d
040 ## - CATALOGING SOURCE
Original cataloging agency DLC
Transcribing agency DLC
Modifying agency BD-DhUET
082 ## - DEWEY DECIMAL CLASSIFICATION NUMBER
Classification number 624.182
Item number WIL/1957
100 ## - MAIN ENTRY--PERSONAL NAME
Personal name Willims, Clifford D.
245 ## - TITLE STATEMENT
Title Structral design in metals
250 ## - EDITION STATEMENT
Edition statement 2nd ed.
260 ## - PUBLICATION, DISTRIBUTION, ETC. (IMPRINT)
Place of publication, distribution, etc. New York
Name of publisher, distributor, etc. Ronald Press
Date of publication, distribution, etc. 1957
300 ## - PHYSICAL DESCRIPTION
Extent viii, 655 p.
Other physical details ill.
Dimensions 17 cm.
650 #0 - SUBJECT ADDED ENTRY--TOPICAL TERM
Topical term or geographic name as entry element Metals Structural Engg
700 ## - ADDED ENTRY--PERSONAL NAME
Personal name Harris, Ernest C.
942 ## - ADDED ENTRY ELEMENTS (KOHA)
Koha item type General Book
Holdings
Damaged status Koha date last seen Source of classification or shelving scheme Piece designation (barcode) Sublocation or collection (holding branch) Shelving location Lost status Price effective from Koha full call number Not for loan Date acquired Withdrawn status Koha item type Copy number Koha normalized classification for sorting Location (home branch)
 2015-02-18 61224Central Library, BUETCirculation section 2015-02-18624.182/WIL/1957 2015-02-18 General Book1624_182000000000000_WIL_1957Central Library, BUET
 2015-02-18 42428Central Library, BUETCirculation section 2015-02-18624.182/WIL/1957 2015-02-18 General Book2624_182000000000000_WIL_1957Central Library, BUET
 2015-02-18 11560Central Library, BUETCirculation section 2015-02-18624.182/WIL/1957 2015-02-18 General Book3624_182000000000000_WIL_1957Central Library, BUET
 2015-02-18 61147Central Library, BUETCirculation section 2015-02-18624.182/WIL/1957 2015-02-18 General Book4624_182000000000000_WIL_1957Central Library, BUET
 2015-05-10 42357Central Library, BUETCirculation section 2015-05-10624.182/WIL/1957 2015-05-10 General Book5624_182000000000000_WIL_1957Central Library, BUET
 2015-05-12 11559Central Library, BUETCirculation section 2015-05-12624.182/WIL/1957 2015-05-12 General Book6624_182000000000000_WIL_1957Central Library, BUET